LIBRARY & INFORMATION CENTRE, KCAET, TAVANUR

ONLINE PUBLIC ACCESS CATALOGUE (OPAC)

Communication Technologies In Agriculture (Record no. 17416)

MARC details
000 -LEADER
fixed length control field 00416nam a22001577a 4500
003 - CONTROL NUMBER IDENTIFIER
control field OSt
008 - FIXED-LENGTH DATA ELEMENTS--GENERAL INFORMATION
fixed length control field 210914b ||||| |||| 00| 0 eng d
020 ## - INTERNATIONAL STANDARD BOOK NUMBER
ISBN 9789389130102
082 ## - DEWEY DECIMAL CLASSIFICATION NUMBER
Classification number 630.2
Item number JAI/CO
100 ## - MAIN ENTRY--AUTHOR NAME
Personal name Jaisridher,p
100 ## - MAIN ENTRY--AUTHOR NAME
Personal name surudhi,M
245 ## - TITLE STATEMENT
Title Communication Technologies In Agriculture
260 ## - PUBLICATION, DISTRIBUTION, ETC. (IMPRINT)
Place of publication New Delhi
Name of publisher New India Publishing Agency
Year of publication 2020
300 ## - PHYSICAL DESCRIPTION
Number of Pages 202 Pages
942 ## - ADDED ENTRY ELEMENTS (KOHA)
Koha item type Books
Holdings
Withdrawn status Lost status Damaged status Home library Current library Shelving location Date acquired Cost, normal purchase price Full call number Accession Number Koha item type
      KAUAET KAUAET NAHEP-CAAST Project 07/09/2021 1695.00 630.2 JAI/CO 26007 Books
free website counter